000 00683na a2200241 4500
001 14392
003 MIRAKIL
005 20181213154903.0
008 161031b tu 000 0
020 _a9789753332125
040 _aMilas
_btur
_cTR-AnCHP
041 _atur
082 _a907.2
_bT34b 2007
090 _a907.2 T34b 2007
100 _aTekeli, İlhan
245 _aBirlikte yazılan ve öğrenilen bir tarihe doğru
_cİlhan Tekeli
260 _aİstanbul
_bTarih Vakfı Yurt Yayınları
_c2007
300 _axıı, 266 s.
_btbl.
_c20 sm.
500 _aİlhan Tekeli toplu eserler-1
650 _aTarih yazıcılığı
650 _aTarih bilimi
942 _2ddc
_cBKS
999 _c2585
_d2585